[Event "Amsterdam Science Park op-A"]
[Site "Amsterdam"]
[Date "2023.07.21"]
[Round "7"]
[White "Van Rootselaar, Rik"]
[Black "De Groote, Ewoud"]
[Result "0-1"]
[WhiteElo "1891"]
[BlackElo "2232"]
[PlyCount "94"]
[EventDate "2023.07.15"]
[EventType "swiss"]
[EventRounds "9"]
[EventCountry "NED"]
[SourceTitle "CBM 215 Extra"]
[Source "ChessBase"]
[SourceDate "2023.09.30"]
[SourceVersion "1"]
[SourceVersionDate "2023.09.30"]
[SourceQuality "1"]

1. e4 c6 2. d4 d5 3. e5 Bf5 4. Nd2 e6 5. Nb3 Nd7 6. Nf3 h6 7. Be3 Ne7 8. Be2 a6 9. 0-0 Bh7 10. g4 Qc7 11. Nh4 g5 12. Ng2 c5 13. c3 Ng6 14. Rc1 Be7 15. c4 dxc4 16. Bxc4 Rd8 17. Qe2 b5 18. Bd3 c4 19. Bxg6 Bxg6 20. f4 Be4 21. Nd2 Qb7 22. f5 Nb6 23. Nxe4 Qxe4 24. Qf3 Qxf3 25. Rxf3 Nd5 26. Bd2 Rc8 27. Ne3 Nf4 28. Kf1 h5 29. f6 Bd8 30. Ng2 hxg4 31. Rg3 Rxh2 32. Kg1 Rh7 33. Bxf4 gxf4 34. Nxf4 Bb6 35. Ne2 Rh4 36. b3 Kd7 37. bxc4 Rxc4 38. Rxc4 bxc4 39. Rc3 g3 40. Rxg3 Bxd4+ 41. Nxd4 Rxd4 42. Ra3 a5 43. Rxa5 Kc6 44. Ra8 Kd5 45. Ra7 c3 46. Kf2 Rc4 47. Rd7+ Kxe5 0-1

[Event "Amsterdam Science Park op-A"]
[Site "Amsterdam"]
[Date "2023.07.19"]
[Round "5"]
[White "Boeren, Jurriaan"]
[Black "De Groote, Ewoud"]
[Result "1/2-1/2"]
[WhiteElo "1987"]
[BlackElo "2232"]
[PlyCount "54"]
[EventDate "2023.07.15"]
[EventType "swiss"]
[EventRounds "9"]
[EventCountry "NED"]
[SourceTitle "CBM 215 Extra"]
[Source "ChessBase"]
[SourceDate "2023.09.30"]
[SourceVersion "1"]
[SourceVersionDate "2023.09.30"]
[SourceQuality "1"]

1. e4 c6 2. d4 d5 3. e5 c5 4. dxc5 e6 5. a3 Bxc5 6. Qg4 Ne7 7. Nf3 0-0 8. Bd3 f5 9. exf6 Rxf6 10. Qh5 h6 11. 0-0 Nbc6 12. b4 Bd6 13. b5 Na5 14. Bb2 Rf7 15. Nbd2 Bd7 16. Ne5 Bxe5 17. Qxe5 Rc8 18. Rfe1 Nc4 19. Nxc4 dxc4 20. Be4 Qb6 21. Bd4 Qxb5 22. Qxb5 Bxb5 23. Bxb7 Rd8 24. Bc5 Nd5 25. Bxd5 Rxd5 26. Bb4 Ba4 27. Rxe6 Bxc2 1/2-1/2

[Event "Amsterdam Science Park op-A"]
[Site "Amsterdam"]
[Date "2022.07.24"]
[Round "7"]
[White "Kumar, Prajit Sai"]
[Black "De Groote, Ewoud"]
[Result "1/2-1/2"]
[WhiteElo "2040"]
[BlackElo "2245"]
[PlyCount "110"]
[EventDate "2022.07.18"]
[EventType "swiss"]
[EventRounds "7"]
[EventCountry "NED"]
[SourceTitle "CBM 209 Extra"]
[Source "ChessBase"]
[SourceDate "2022.09.30"]
[SourceVersion "1"]
[SourceVersionDate "2022.09.30"]
[SourceQuality "1"]

1. d4 Nf6 2. Nf3 e6 3. Bf4 d5 4. c3 Bd6 5. e3 0-0 6. Nbd2 c5 7. Bg3 Qc7 8. dxc5 Qxc5 9. Bd3 Nbd7 10. Qe2 e5 11. e4 Re8 12. 0-0 dxe4 13. Bxe4 Bf8 14. Bc2 g6 15. Rfe1 Bg7 16. Ng5 h6 17. Nge4 Nxe4 18. Nxe4 Qb6 19. Rad1 Nc5 20. Nd6 Re7 21. Nc4 Qa6 22. Rd8+ Kh7 23. Rd6 b6 24. b4 Be6 25. Nxe5 Qxe2 26. Rxe2 Bc4 27. Re3 Bxe5 28. Bxe5 Rae8 29. Bd4 Ne4 30. Bxe4 Rxe4 31. a4 Rxe3 32. fxe3 Rc8 33. Rd7 Ra8 34. Rc7 Be6 35. Kf2 g5 36. e4 Kg6 37. Ke3 h5 38. Kd3 f5 39. exf5+ Kxf5 40. Re7 h4 41. Ke3 Bc4 42. Re5+ Kg6 43. Kd2 Rd8 44. Ke1 Rf8 45. Bf2 Rf6 46. a5 bxa5 47. bxa5 a6 48. Be3 Rf5 49. Rxf5 Kxf5 50. Kf2 Bd5 51. Bb6 g4 52. h3 g3+ 53. Kf1 Bc4+ 54. Kg1 Kg6 55. Bd8 Kh5 1/2-1/2

[Event "Hilversum op"]
[Site "Hilversum"]
[Date "2022.06.19"]
[Round "5"]
[White "De Groote, Ewoud"]
[Black "De Winter, Arthur"]
[Result "1/2-1/2"]
[WhiteElo "2233"]
[BlackElo "2126"]
[PlyCount "81"]
[EventDate "2022.06.17"]
[EventType "swiss"]
[EventRounds "6"]
[EventCountry "NED"]
[SourceTitle "CBM 208 Extra"]
[Source "ChessBase"]
[SourceDate "2022.07.31"]
[SourceVersion "1"]
[SourceVersionDate "2022.07.31"]
[SourceQuality "1"]

1. d4 Nf6 2. c4 c5 3. d5 e6 4. Nc3 exd5 5. cxd5 d6 6. e4 g6 7. f4 Bg7 8. Bb5+ Nfd7 9. a4 Qh4+ 10. g3 Qe7 11. Nf3 0-0 12. 0-0 Na6 13. Re1 Nb4 14. Bf1 b6 15. Bd2 Ba6 16. Bxa6 Nxa6 17. Qb3 Rfc8 18. Qc4 Nb4 19. Nd1 a6 20. Rc1 Qe8 21. Qe2 Nf6 22. Bxb4 cxb4 23. Rxc8 Qxc8 24. Nf2 Qd7 25. Qc4 a5 26. Qc6 Qd8 27. Rc1 Nd7 28. Qxd6 Nc5 29. Qxd8+ Rxd8 30. Ne5 Re8 31. Nc4 Nxe4 32. Nxe4 Rxe4 33. b3 Kf8 34. Kf2 Rd4 35. Nxb6 Rd3 36. Ke2 Rxb3 37. d6 Bc3 38. Nd5 Ke8 39. Nxc3 bxc3 40. Kd3 Rb6 41. Rxc3 1/2-1/2

[Event "Hilversum op"]
[Site "Hilversum"]
[Date "2022.06.17"]
[Round "2"]
[White "De Groote, Ewoud"]
[Black "Van Orsouw, Theo"]
[Result "1-0"]
[WhiteElo "2233"]
[BlackElo "1868"]
[PlyCount "57"]
[EventDate "2022.06.17"]
[EventType "swiss"]
[EventRounds "6"]
[EventCountry "NED"]
[SourceTitle "CBM 208 Extra"]
[Source "ChessBase"]
[SourceDate "2022.07.31"]
[SourceVersion "1"]
[SourceVersionDate "2022.07.31"]
[SourceQuality "1"]

1. e4 c5 2. Nf3 d6 3. d4 cxd4 4. Nxd4 Nf6 5. Nc3 g6 6. Be3 Bg7 7. Be2 0-0 8. h4 h5 9. Qd2 Nc6 10. 0-0-0 d5 11. Nxc6 bxc6 12. exd5 Nxd5 13. Bd4 e5 14. Bc5 Be6 15. Ne4 Qc7 16. Ng5 Rfe8 17. Nxe6 Rxe6 18. Rh3 Rb8 19. Rb3 Rxb3 20. axb3 e4 21. Bc4 Rf6 22. Bxd5 cxd5 23. Qxd5 Kh7 24. Be3 Re6 25. Kb1 Ra6 26. b4 Qe7 27. c3 Qxh4 28. Qxf7 Qg4 29. Rd7 1-0

[Event "NED-chT 1920"]
[Site "Netherlands"]
[Date "2019.11.02"]
[Round "2.10"]
[White "Groffen, Hans"]
[Black "De Groote, Ewoud"]
[Result "1/2-1/2"]
[WhiteElo "2067"]
[BlackElo "2227"]
[PlyCount "65"]
[EventDate "2019.09.28"]
[EventType "team-tourn"]
[EventRounds "9"]
[EventCountry "NED"]
[SourceTitle "CBM 193 Extra"]
[Source "ChessBase"]
[SourceDate "2020.01.31"]
[SourceVersion "1"]
[SourceVersionDate "2020.01.31"]
[SourceQuality "1"]
[WhiteTeam "Sas van Gent"]
[BlackTeam "BSG"]
[WhiteTeamCountry "NED"]
[BlackTeamCountry "NED"]

1. d4 f5 2. g3 Nf6 3. Bg2 g6 4. Nh3 Bg7 5. Nf4 d6 6. Nc3 c6 7. d5 e5 8. dxe6 Na6 9. h4 Nc5 10. h5 Nxh5 11. Rxh5 gxh5 12. e4 0-0 13. Nxh5 Bxe6 14. Nxg7 Kxg7 15. Be3 Nxe4 16. Nxe4 fxe4 17. Bxe4 Bf5 18. Bxf5 Qa5+ 19. c3 Qxf5 20. Qd4+ Kg8 21. 0-0-0 Rae8 22. Qxa7 Rf7 23. Rd4 Qe6 24. Qa4 c5 25. Rxd6 Qxd6 26. Qxe8+ Rf8 27. Qh5 b6 28. Bf4 Qe6 29. Qg5+ Kf7 30. Qh5+ Kg8 31. Qg5+ Kf7 32. Qh5+ Kg8 33. Qg5+ 1/2-1/2

[Event "Amsterdam Science Park op-A"]
[Site "Amsterdam"]
[Date "2019.07.14"]
[Round "9"]
[White "Bekedam, Tyro"]
[Black "De Groote, Ewoud"]
[Result "1-0"]
[WhiteElo "2142"]
[BlackElo "2225"]
[PlyCount "125"]
[EventDate "2019.07.06"]
[EventType "swiss"]
[EventRounds "9"]
[EventCountry "NED"]
[SourceTitle "CBM 191 Extra"]
[Source "ChessBase"]
[SourceDate "2019.09.30"]
[SourceVersion "1"]
[SourceVersionDate "2019.09.30"]
[SourceQuality "1"]

1. e4 e5 2. Nf3 Nc6 3. Bb5 a6 4. Ba4 Nf6 5. d3 d6 6. c3 g6 7. 0-0 Bg7 8. Re1 0-0 9. Nbd2 Nd7 10. Nf1 Nb6 11. Bb3 Kh8 12. a4 a5 13. Ng3 Qe7 14. d4 Bg4 15. d5 Nd8 16. Bc2 f6 17. b3 Nf7 18. h3 Bd7 19. Be3 Bh6 20. Bxb6 cxb6 21. Nd2 Rfc8 22. Nc4 Qd8 23. Bd3 b5 24. axb5 Bxb5 25. Na3 Bd7 26. c4 Qb6 27. Qf3 Kg7 28. h4 Rc7 29. Ne2 a4 30. bxa4 Rxa4 31. Nc3 Ra5 32. Nab5 Rc8 33. Rxa5 Qxa5 34. Qe2 Ra8 35. Rb1 Qd8 36. g3 Qc8 37. Qc2 f5 38. Na4 fxe4 39. Bxe4 Ra6 40. c5 Bf5 41. Rb4 Kf6 42. Rc4 Bf8 43. Bxf5 gxf5 44. c6 bxc6 45. Rxc6 Qb7 46. Nc7 Ra7 47. Nb6 Be7 48. Ne8+ Kg6 49. h5+ Kg5 50. f4+ exf4 51. gxf4+ Kg4 52. Ng7 Nh6 53. Qg2+ Kh4 54. Qf2+ Kg4 55. Rc3 Qxb6 56. Qxb6 Ra1+ 57. Kf2 Bh4+ 58. Ke2 Bf6 59. Rc7 Ra2+ 60. Kd1 Ra1+ 61. Rc1 Rxc1+ 62. Kxc1 Bxg7 63. Qg1+ 1-0

[Event "EU-Cup 34th"]
[Site "Porto Carras"]
[Date "2018.10.18"]
[Round "7.5"]
[White "Tryggestad, Andreas Garberg"]
[Black "De Groote, Ewoud"]
[Result "1-0"]
[WhiteElo "2320"]
[BlackElo "2292"]
[PlyCount "89"]
[EventDate "2018.10.12"]
[EventType "team-swiss"]
[EventRounds "7"]
[EventCountry "GRE"]
[SourceTitle "CBM 187"]
[Source "ChessBase"]
[SourceDate "2018.12.11"]
[SourceVersion "1"]
[SourceVersionDate "2018.12.11"]
[SourceQuality "1"]
[WhiteTeam "Nordstrand"]
[BlackTeam "BSG"]
[WhiteTeamCountry "NOR"]
[BlackTeamCountry "NED"]

1. d4 Nf6 2. c4 e6 3. Nf3 d5 4. Nc3 Be7 5. Bg5 h6 6. Bxf6 Bxf6 7. e3 0-0 8. Qc2 c6 9. h4 g6 10. h5 g5 11. 0-0-0 Bg7 12. Ne5 Nd7 13. f4 Nxe5 14. fxe5 f6 15. Qg6 Qe8 16. Qxe8 Rxe8 17. exf6 Bxf6 18. e4 e5 19. dxe5 Bxe5 20. cxd5 Bg4 21. Be2 Bxe2 22. Nxe2 Rac8 23. d6 Rcd8 24. Nd4 Rxd6 25. Nf5 Bf4+ 26. Kc2 Rxd1 27. Rxd1 g4 28. Rd7 Rxe4 29. Rg7+ Kf8 30. Rxg4 Re2+ 31. Kd1 Rf2 32. Ke1 Bg3 33. Nxg3 Rxg2 34. Rf4+ Ke8 35. Ne2 Rh2 36. Rf5 Ke7 37. Kd2 b6 38. Ke3 c5 39. b3 Rh3+ 40. Ke4 Rh2 41. Nc3 Rc2 42. Nd5+ Ke8 43. Re5+ Kd8 44. Kf5 Kd7 45. Nf6+ 1-0

[Event "EU-Cup 34th"]
[Site "Porto Carras"]
[Date "2018.10.14"]
[Round "3.5"]
[White "Tardi, Oscar"]
[Black "De Groote, Ewoud"]
[Result "1-0"]
[WhiteElo "1931"]
[BlackElo "2292"]
[PlyCount "71"]
[EventDate "2018.10.12"]
[EventType "team-swiss"]
[EventRounds "7"]
[EventCountry "GRE"]
[SourceTitle "CBM 187"]
[Source "ChessBase"]
[SourceDate "2018.12.11"]
[SourceVersion "1"]
[SourceVersionDate "2018.12.11"]
[SourceQuality "1"]
[WhiteTeam "Bois Colombes"]
[BlackTeam "BSG"]
[WhiteTeamCountry "FRA"]
[BlackTeamCountry "NED"]

1. e4 e5 2. Nf3 Nc6 3. Bc4 Nf6 4. d3 Be7 5. Nc3 0-0 6. 0-0 d6 7. h3 Na5 8. Bb3 c5 9. Nd5 Nxd5 10. Bxd5 Kh8 11. g4 Be6 12. c4 Qd7 13. Nh2 Nc6 14. Be3 Rab8 15. a4 Nb4 16. f4 exf4 17. Bxf4 Bf6 18. Rb1 a6 19. Qe2 b5 20. axb5 axb5 21. Bd2 bxc4 22. dxc4 Rfe8 23. Rxf6 Nxd5 24. cxd5 Bxd5 25. Rf4 Ba2 26. Rbf1 Rxb2 27. Qd3 Be6 28. Nf3 Qe7 29. Bc3 Rb3 30. Nd2 Rbb8 31. Nc4 Red8 32. Ne3 f6 33. Nf5 Bxf5 34. Rxf5 Qe6 35. g5 fxg5 36. Bxg7+ 1-0

[Event "NED-chT 1819"]
[Site "Netherlands"]
[Date "2018.10.06"]
[Round "2.7"]
[White "Geirnaert, Steven"]
[Black "De Groote, Ewoud"]
[Result "1-0"]
[WhiteElo "2429"]
[BlackElo "2282"]
[PlyCount "55"]
[EventDate "2018.09.15"]
[EventType "team-tourn"]
[EventRounds "9"]
[EventCountry "NED"]
[SourceTitle "CBM 187 Extra"]
[Source "ChessBase"]
[SourceDate "2018.11.04"]
[SourceVersion "1"]
[SourceVersionDate "2018.11.04"]
[SourceQuality "1"]
[WhiteTeam "Charlois Europoort"]
[BlackTeam "BSG"]
[WhiteTeamCountry "NED"]
[BlackTeamCountry "NED"]

1. d4 Nf6 2. c4 e6 3. Nc3 Bb4 4. e3 c5 5. Nge2 d5 6. a3 Bxc3+ 7. Nxc3 cxd4 8. exd4 dxc4 9. Bxc4 Nc6 10. Be3 0-0 11. 0-0 b6 12. Qf3 Bb7 13. Bd3 Qd7 14. Qh3 Ne7 15. Bg5 Ng6 16. Bxf6 gxf6 17. Rad1 Rfd8 18. d5 Bxd5 19. Be4 Qc6 20. Bxd5 exd5 21. Rd4 Qe6 22. Qf3 Ne5 23. Qh5 f5 24. Rfd1 Ng6 25. Nxd5 Re8 26. g3 Rac8 27. Qg5 Kh8 28. Nf6 1-0

[Event "NRW Class1 1718"]
[Site "Germany"]
[Date "2018.04.29"]
[Round "9.3"]
[White "De Groote, Ewoud"]
[Black "Schienmann, Bruno"]
[Result "1/2-1/2"]
[WhiteElo "2266"]
[BlackElo "2263"]
[PlyCount "109"]
[EventDate "2017.09.17"]
[EventType "team-tourn"]
[EventRounds "9"]
[EventCountry "GER"]
[SourceTitle "EXT 2019"]
[Source "ChessBase"]
[SourceDate "2018.10.10"]
[SourceVersion "1"]
[SourceVersionDate "2018.10.10"]
[SourceQuality "1"]
[WhiteTeam "Emsdetten Rochade"]
[BlackTeam "Niederkassel"]
[WhiteTeamCountry "GER"]
[BlackTeamCountry "GER"]

1. e4 e6 2. d4 d5 3. Nd2 c5 4. Ngf3 Nc6 5. exd5 exd5 6. Bb5 Bd6 7. dxc5 Bxc5 8. 0-0 Nge7 9. Nb3 Bd6 10. Bg5 0-0 11. Nbd4 Nxd4 12. Qxd4 f6 13. Bf4 Be6 14. Rfe1 Bf7 15. Ba4 Nc6 16. Qd2 Bc5 17. Bxc6 bxc6 18. b4 Bb6 19. Be3 Qd6 20. Qc3 Rfe8 21. Bc5 Qd7 22. Nd4 Bc7 23. Rxe8+ Bxe8 24. Nb3 Bg6 25. Re1 Be5 26. Bd4 Bd6 27. a3 Rc8 28. Qd2 Qc7 29. g3 Qd7 30. Bc5 Bb8 31. Nd4 Re8 32. f3 Be5 33. c3 h5 34. Ne2 Bb8 35. Kg2 h4 36. Bf2 h3+ 37. Kg1 Qf5 38. Nd4 Rxe1+ 39. Qxe1 Qd7 40. Qe6+ Qxe6 41. Nxe6 Bf5 42. Nd4 Bd7 43. Nb3 Kf7 44. Kf1 Ke7 45. Bc5+ Ke8 46. Kf2 g5 47. Be3 Kf7 48. f4 Kg6 49. Nd4 a6 50. fxg5 fxg5 51. Nf3 g4 52. Nd4 Be5 53. Bf4 Bxd4+ 54. cxd4 Bf5 55. Ke3 1/2-1/2

[Event "NED-chT 1718"]
[Site "Netherlands"]
[Date "2017.12.16"]
[Round "5.7"]
[White "De Groote, Ewoud"]
[Black "Bosch, Jeroen"]
[Result "1-0"]
[WhiteElo "2291"]
[BlackElo "2411"]
[PlyCount "85"]
[EventDate "2017.09.16"]
[EventType "team-tourn"]
[EventRounds "9"]
[EventCountry "NED"]
[SourceTitle "EXT 2019"]
[Source "ChessBase"]
[SourceDate "2018.10.10"]
[SourceVersion "1"]
[SourceVersionDate "2018.10.10"]
[SourceQuality "1"]
[WhiteTeam "BSG"]
[BlackTeam "Calder HMC"]
[WhiteTeamCountry "NED"]
[BlackTeamCountry "NED"]

1. e4 c5 2. Nf3 d6 3. d4 cxd4 4. Nxd4 Nf6 5. Nc3 g6 6. Be3 Bg7 7. Qd2 Nc6 8. Be2 Ng4 9. Bxg4 Bxg4 10. f3 Bd7 11. 0-0-0 Ne5 12. b3 Qa5 13. Kb1 Rc8 14. Nce2 Qxd2 15. Rxd2 0-0 16. Nf4 Rfe8 17. h4 h5 18. Nde2 Nc6 19. Nd5 e6 20. Ndf4 d5 21. exd5 exd5 22. Nxd5 Bf5 23. Ng3 Be6 24. Bg5 Bxd5 25. Rxd5 Nd4 26. c4 b5 27. Rd1 Ne6 28. Rxb5 Nxg5 29. hxg5 Re3 30. Rbd5 h4 31. Ne4 h3 32. gxh3 Rxf3 33. Rd8+ Rxd8 34. Rxd8+ Kh7 35. Rd7 Be5 36. Rxa7 Kg7 37. Re7 Bd4 38. Rd7 Be5 39. c5 Rxh3 40. c6 Rh1+ 41. Kc2 Rh2+ 42. Rd2 Rh4 43. Kd3 1-0

[Event "NRW Class2 1617"]
[Site "Germany"]
[Date "2017.05.21"]
[Round "9.3"]
[White "Schleining, Zoya"]
[Black "De Groote, Ewoud"]
[Result "1-0"]
[WhiteElo "2351"]
[BlackElo "2296"]
[PlyCount "81"]
[EventDate "2016.09.25"]
[EventType "team-tourn"]
[EventRounds "9"]
[EventCountry "GER"]
[SourceTitle "EXT 2023"]
[Source "ChessBase"]
[SourceDate "2022.10.05"]
[SourceVersion "1"]
[SourceVersionDate "2022.10.05"]
[SourceQuality "1"]
[WhiteTeam "Letmathe"]
[BlackTeam "Emsdetten Rochade"]
[WhiteTeamCountry "GER"]
[BlackTeamCountry "GER"]

1. Nf3 Nf6 2. c4 e6 3. Nc3 d5 4. d4 Bb4 5. Bg5 h6 6. Bxf6 Qxf6 7. Qb3 c5 8. cxd5 exd5 9. a3 Bxc3+ 10. Qxc3 Nd7 11. g3 0-0 12. Bg2 Re8 13. e3 b6 14. 0-0 Bb7 15. Rfc1 Rac8 16. dxc5 bxc5 17. Qxf6 Nxf6 18. Bh3 Rc7 19. Nd4 Ne4 20. b4 c4 21. Bg2 a6 22. Bxe4 dxe4 23. Rc3 Bd5 24. Rd1 Re5 25. Ne2 g5 26. Rcc1 Kg7 27. Nc3 Be6 28. Rd4 Rd7 29. Rxd7 Bxd7 30. Rd1 Bg4 31. Rd4 Bf3 32. Kf1 Re6 33. Ke1 Kf6 34. Rxc4 Kf5 35. h3 Bg2 36. Ne2 Rd6 37. Nd4+ Ke5 38. Rc5+ Kf6 39. h4 gxh4 40. gxh4 Bf3 41. Kd2 1-0

[Event "NRW Class2 1617"]
[Site "Germany"]
[Date "2016.11.13"]
[Round "3.3"]
[White "De Groote, Ewoud"]
[Black "Orzech, Dominik"]
[Result "0-1"]
[WhiteElo "2296"]
[BlackElo "2378"]
[PlyCount "54"]
[EventDate "2016.09.25"]
[EventType "team-tourn"]
[EventRounds "9"]
[EventCountry "GER"]
[SourceTitle "EXT 2023"]
[Source "ChessBase"]
[SourceDate "2022.10.05"]
[SourceVersion "1"]
[SourceVersionDate "2022.10.05"]
[SourceQuality "1"]
[WhiteTeam "Emsdetten Rochade"]
[BlackTeam "Gerresheim"]
[WhiteTeamCountry "GER"]
[BlackTeamCountry "GER"]

1. Nf3 Nf6 2. c4 g6 3. Nc3 Bg7 4. d4 0-0 5. e4 d6 6. Be2 c5 7. d5 a6 8. a4 e6 9. Nd2 exd5 10. cxd5 Re8 11. 0-0 Nbd7 12. Qc2 Ne5 13. Re1 Nh5 14. Nf1 f5 15. Ng3 Nxg3 16. hxg3 Rb8 17. Bd2 h5 18. Qc1 c4 19. a5 b5 20. axb6 Qxb6 21. Ra2 fxe4 22. Nxe4 Bf5 23. Nc3 Nd3 24. Bxd3 cxd3 25. Qa1 Bd4 26. Rf1 Re2 27. Nxe2 dxe2 0-1

[Event "NED-chT 1516"]
[Site "Netherlands"]
[Date "2016.04.23"]
[Round "9.7"]
[White "De Groote, Ewoud"]
[Black "Vedder, Richard"]
[Result "1/2-1/2"]
[WhiteElo "2315"]
[BlackElo "2261"]
[PlyCount "104"]
[EventDate "2015.09.26"]
[EventType "team-tourn"]
[EventRounds "9"]
[EventCountry "NED"]
[SourceTitle "EXT 2017"]
[Source "ChessBase"]
[SourceDate "2016.10.25"]
[SourceVersion "1"]
[SourceVersionDate "2016.10.25"]
[SourceQuality "1"]
[WhiteTeam "BSG"]
[BlackTeam "En Passant"]
[WhiteTeamCountry "NED"]
[BlackTeamCountry "NED"]

1. e4 e5 2. Nf3 Nc6 3. Bb5 a6 4. Ba4 Nf6 5. d3 d6 6. c3 g6 7. 0-0 Bg7 8. h3 0-0 9. Be3 b5 10. Bc2 Bb7 11. Nbd2 Nh5 12. d4 Qe7 13. a4 exd4 14. cxd4 Nb4 15. Bb1 c5 16. Re1 Rfe8 17. Qb3 bxa4 18. Rxa4 Bc6 19. Ra3 Rab8 20. Qc4 Bb5 21. Qc1 cxd4 22. Bxd4 Rec8 23. Rc3 Bd7 24. Bxg7 Kxg7 25. Nc4 Be6 26. Nd4 Bxc4 27. Rxc4 Rxc4 28. Qxc4 Nf4 29. Re3 Ne6 30. Rb3 a5 31. Ra3 Ra8 32. Rc3 Nxd4 33. Qxd4+ Qf6 34. Qxf6+ Kxf6 35. f4 Ra7 36. Kf2 h6 37. Ke3 Ke6 38. Kd4 f6 39. h4 g5 40. hxg5 hxg5 41. g3 gxf4 42. gxf4 Rg7 43. f5+ Kd7 44. Bd3 Rg2 45. Bb5+ Kd8 46. b3 Rd2+ 47. Ke3 Rc2 48. Rxc2 Nxc2+ 49. Kd3 Nb4+ 50. Kc4 Kc7 51. Ba4 Kb6 52. Kd4 Kc7 1/2-1/2

[Event "NED-chT 1516"]
[Site "Netherlands"]
[Date "2016.03.19"]
[Round "7.7"]
[White "De Groote, Ewoud"]
[Black "Sprenger, Jan Michael"]
[Result "0-1"]
[WhiteElo "2315"]
[BlackElo "2510"]
[PlyCount "58"]
[EventDate "2015.09.26"]
[EventType "team-tourn"]
[EventRounds "9"]
[EventCountry "NED"]
[SourceTitle "EXT 2017"]
[Source "ChessBase"]
[SourceDate "2016.10.25"]
[SourceVersion "1"]
[SourceVersionDate "2016.10.25"]
[SourceQuality "1"]
[WhiteTeam "BSG"]
[BlackTeam "Leiden LSG"]
[WhiteTeamCountry "NED"]
[BlackTeamCountry "NED"]

1. e4 c5 2. Nf3 e6 3. d4 cxd4 4. Nxd4 a6 5. Bd3 Bc5 6. Nb3 Ba7 7. Nc3 Nc6 8. Qe2 d6 9. Be3 Nf6 10. 0-0 b5 11. Rad1 0-0 12. a3 Re8 13. Bxa7 Rxa7 14. Qe3 Rd7 15. Be2 Bb7 16. Rd2 Ne5 17. Rd4 Qb6 18. Qg3 Ng6 19. Re1 e5 20. Rb4 Nf4 21. Bf1 Rc8 22. a4 d5 23. axb5 d4 24. Na4 Qd6 25. c3 Nxe4 26. Qg4 h5 27. Qd1 Nh3+ 28. gxh3 Qg6+ 29. Bg2 Nxf2 0-1

[Event "NED-chT 1516"]
[Site "Netherlands"]
[Date "2015.09.26"]
[Round "1.4"]
[White "De Groote, Ewoud"]
[Black "Maenhout, Thibaut"]
[Result "1-0"]
[WhiteElo "2315"]
[BlackElo "2372"]
[PlyCount "91"]
[EventDate "2015.09.26"]
[EventType "team-tourn"]
[EventRounds "9"]
[EventCountry "NED"]
[SourceTitle "EXT 2016"]
[Source "ChessBase"]
[SourceDate "2015.10.08"]
[SourceVersion "1"]
[SourceVersionDate "2015.10.08"]
[SourceQuality "1"]
[WhiteTeam "BSG"]
[BlackTeam "Sas van Gent"]
[WhiteTeamCountry "NED"]
[BlackTeamCountry "NED"]

1. e4 c5 2. Nf3 d6 3. d4 cxd4 4. Qxd4 Nc6 5. Bb5 Bd7 6. Qd3 Nf6 7. c4 g6 8. 0-0 Bg7 9. Nc3 0-0 10. Bxc6 bxc6 11. c5 dxc5 12. Be3 Qa5 13. Ne5 Rfd8 14. Qc2 Ng4 15. Nxg4 Bxg4 16. Na4 Rab8 17. Rac1 Be2 18. Qxe2 Qxa4 19. b3 Qxe4 20. Rxc5 Bd4 21. Rc4 c5 22. Re1 Rb7 23. h3 Qf5 24. Ra4 Rd6 25. Bxd4 cxd4 26. Qd2 d3 27. Rae4 Rc7 28. Rxe7 Rc2 29. Qe3 Rxa2 30. f3 Qf6 31. Qh6 Qxe7 32. Rxe7 Re6 33. Rxe6 fxe6 34. Qg5 d2 35. Qd8+ Kf7 36. Qd7+ Kf6 37. Qd4+ e5 38. Qd6+ Kf5 39. Qd3+ Kf6 40. Kh2 h5 41. h4 a5 42. Kh3 Kf7 43. Qd7+ Kf8 44. g4 Rb2 45. Kg3 Rc2 46. gxh5 1-0

[Event "Ghent Taminco op 38th"]
[Site "Ghent"]
[Date "2015.07.22"]
[Round "9"]
[White "De Groote, Ewoud"]
[Black "Docx, Stefan"]
[Result "0-1"]
[WhiteElo "2315"]
[BlackElo "2417"]
[PlyCount "80"]
[EventDate "2015.07.18"]
[EventType "swiss"]
[EventRounds "9"]
[EventCountry "BEL"]
[SourceTitle "CBM 167 Extra"]
[Source "ChessBase"]
[SourceDate "2015.09.14"]
[SourceVersion "1"]
[SourceVersionDate "2015.09.14"]
[SourceQuality "1"]

1. e4 e5 2. Nf3 Nc6 3. Bb5 a6 4. Ba4 Nf6 5. Qe2 b5 6. Bb3 Be7 7. 0-0 0-0 8. c3 d5 9. d3 Bb7 10. Rd1 h6 11. Nbd2 Re8 12. Nf1 Bf8 13. h3 Na5 14. Bc2 c5 15. N3h2 Qc7 16. Ng4 Nxg4 17. hxg4 d4 18. Bd2 Rac8 19. cxd4 exd4 20. Ng3 g6 21. Rac1 Qb6 22. g5 hxg5 23. Qg4 c4 24. Qxg5 Bg7 25. Bb1 b4 26. dxc4 Nxc4 27. b3 Nxd2 28. Rxc8 Rxc8 29. Qxd2 a5 30. Bd3 Qd8 31. Rc1 Ra8 32. Qf4 Qe8 33. Rc5 Ba6 34. Bxa6 Rxa6 35. e5 Re6 36. Qxd4 Bxe5 37. Qc4 Kg7 38. Nf1 Bc3 39. Ne3 Rxe3 40. fxe3 Qxe3+ 0-1

[Event "NED-chT 1415"]
[Site "Netherlands"]
[Date "2015.04.25"]
[Round "9.4"]
[White "De Groote, Ewoud"]
[Black "Lambrechts, Koen"]
[Result "0-1"]
[WhiteElo "2330"]
[BlackElo "2257"]
[PlyCount "112"]
[EventDate "2014.09.27"]
[EventType "team-tourn"]
[EventRounds "9"]
[EventCountry "NED"]
[SourceTitle "EXT 2016"]
[Source "ChessBase"]
[SourceDate "2015.10.08"]
[SourceVersion "1"]
[SourceVersionDate "2015.10.08"]
[SourceQuality "1"]
[WhiteTeam "BSG"]
[BlackTeam "SISSA"]
[WhiteTeamCountry "NED"]
[BlackTeamCountry "NED"]

1. e4 c6 2. d4 d5 3. Nd2 dxe4 4. Nxe4 Bf5 5. Ng3 Bg6 6. h4 h6 7. Nf3 Nd7 8. h5 Bh7 9. Bd3 Bxd3 10. Qxd3 e6 11. Bd2 Ngf6 12. 0-0-0 Be7 13. Ne4 0-0 14. g4 Nxe4 15. Qxe4 Nf6 16. Qe2 Qd5 17. c4 Qe4 18. Qxe4 Nxe4 19. Be3 Rfd8 20. Ne5 c5 21. f3 cxd4 22. Rxd4 Nf6 23. Rxd8+ Bxd8 24. Rd1 Kf8 25. Bxa7 Ke8 26. Bd4 Rxa2 27. Kb1 Ra6 28. Bc3 Bc7 29. Nd3 Rd6 30. Kc2 Ra6 31. b3 Bd6 32. Ra1 Rxa1 33. Bxa1 Ke7 34. b4 g6 35. Bc3 gxh5 36. gxh5 Nxh5 37. c5 Bb8 38. Bd2 Ng3 39. Bxh6 Nf5 40. Bg5+ f6 41. Bc1 Nd4+ 42. Kc3 Nxf3 43. Kc4 Kd7 44. Bb2 f5 45. b5 e5 46. Nb4 e4 47. Bc1 Ke6 48. c6 Ne5+ 49. Kc3 bxc6 50. bxc6 Bd6 51. Be3 Bxb4+ 52. Kxb4 Nxc6+ 53. Kc5 Ke5 54. Kxc6 f4 55. Bc1 e3 56. Kc5 Ke4 0-1